Logos de marques par lettre - G - Statistiques

Statistiques générales
  • Ce quiz a été pris 48 804 fois
  • Le résultat moyen est 10 sur 16
Statistiques - réponses
Par images Hint Réponse % Correct
Navigateur Google
100%
Divertissement Gulli
95%
Mode Gucci
92%
Grand magasin Galeries Lafayette
90%
Cosmétique Garnier
88%
Grande surface Grand Frais
78%
Cinéma Gaumont
77%
Boisson Guinness
63%
Mode Gap
60%
Enregistrement vidéo GoPro
55%
Mode Guess
55%
Pneumatique Goodyear
49%
Musique GarageBand
44%
Santé Générale d’Optique
42%
Mode Givenchy
33%
Compagnie gazière Gazprom
29%
Aucun quiz correspondant
Distribution des résultats
% des personnes avec chaque résultat
Percentile par nombre de réponses
Votre historique - résultats
Vous n’avez pas pris ce quiz